Statistics for NCAA Women's Basketball Champions and Runner-Ups

Click here to take the quiz!

General Stats

  • This quiz has been taken 302 times
    (254 since last reset)
  • The average score is 16 of 28

Answer Stats

Champion% Correct
2016Connecticut
96%
2008Tennessee
89%
2014Notre Dame
84%
1991Texas
84%
2012Baylor
80%
1994USC
80%
2017South Carolina
78%
2010Stanford
75%
2006Duke
70%
1990Mississippi State
64%
1992North Carolina
61%
1998Ohio St
60%
2005Michigan St
59%
2000Georgia
55%
2013Louisville
55%
2007Maryland
55%
1996Virginia
53%
2004Oklahoma
52%
2011Texas A&M
52%
1999Texas Tech
51%
2003Purdue
48%
2002Louisiana Tech
47%
2015Syracuse
43%
2009Rutgers
38%
2001Old Dominion
33%
1995Auburn
29%
1993Cheyney
7%
1997Western Kentucky
3%

Score Distribution

Percentile by Number Answered

Percent of People with Each Score

Your Score History

You have not taken this quiz since the last reset